| 000 | 00375nam a2200145Ia 4500 | ||
|---|---|---|---|
| 008 | 191201s2005 xx 000 0 und d | ||
| 082 |
_a004.165 _bCHM |
||
| 100 | _aCHHABRA, Bhupendra Singh | ||
| 245 | 0 | _aMicrocontrollers and its Applications | |
| 250 | _a3rd | ||
| 260 |
_aN.Delhi _bDhanpat Rai Pub (P) Ltd _c2005 |
||
| 300 | _a171 | ||
| 650 | _aB.Tech(CSE) | ||
| 942 |
_2ddc _cBK |
||
| 999 |
_c908 _d908 |
||